000 00295nam a2200097Ia 4500
005 20251222114354.0
008 251222s1900||||xx |||||||||||||| ||spa||
082 _aDVD191.1/U61/2003
245 0 _aHacia la internacionalización de las PYMES: desarrollo nacional y políticas regionales:
942 _cDVD
999 _c1376
_d1376